<?xml version="1.0" encoding="UTF-8"?>
<record
    xmlns:xsi="http://www.w3.org/2001/XMLSchema-instance"
    xsi:schemaLocation="http://www.loc.gov/MARC21/slim http://www.loc.gov/standards/marcxml/schema/MARC21slim.xsd"
    xmlns="http://www.loc.gov/MARC21/slim">

  <leader>01024nam a22001577a 4500</leader>
  <controlfield tag="008">190424b        xxu||||| |||| 00| 0 eng d</controlfield>
  <datafield tag="020" ind1=" " ind2=" ">
    <subfield code="a">9786079651954</subfield>
  </datafield>
  <datafield tag="082" ind1=" " ind2=" ">
    <subfield code="a">702.81</subfield>
    <subfield code="b">B622i</subfield>
  </datafield>
  <datafield tag="100" ind1=" " ind2=" ">
    <subfield code="a">Bishop, Claire</subfield>
    <subfield code="9">3154</subfield>
  </datafield>
  <datafield tag="245" ind1=" " ind2=" ">
    <subfield code="a">Infiernos artificiales: Arte participativo y pol&#xED;tica de la espectadur&#xED;a</subfield>
  </datafield>
  <datafield tag="260" ind1=" " ind2=" ">
    <subfield code="a">M&#xE9;xico</subfield>
    <subfield code="b">Taller de Ediciones Econ&#xF3;micas</subfield>
    <subfield code="c">2016</subfield>
  </datafield>
  <datafield tag="300" ind1=" " ind2=" ">
    <subfield code="a">461 p.</subfield>
    <subfield code="b">ill.</subfield>
    <subfield code="c">21 cm</subfield>
  </datafield>
  <datafield tag="440" ind1=" " ind2=" ">
    <subfield code="a">t-e-e o r &#xED; a</subfield>
    <subfield code="9">7008</subfield>
  </datafield>
  <datafield tag="505" ind1=" " ind2=" ">
    <subfield code="t">Introducci&#xF3;n</subfield>
    <subfield code="t">El giro social: la colaboraci&#xF3;n y sus insatisfacciones</subfield>
    <subfield code="t">Infiernos artificiales: la vanguardia hist&#xF3;rica</subfield>
    <subfield code="t">Je participe, tu participes, il participe...</subfield>
    <subfield code="t">Sadismo social explicitado</subfield>
    <subfield code="t">Lo social bajo el socialismo</subfield>
    <subfield code="t">Personas incidentales: APG y artes comunitarias</subfield>
    <subfield code="t">Former West: El arte como proyecto a inicios de los 90</subfield>
    <subfield code="t">Performance delegada: subcontratar la autenticidad </subfield>
    <subfield code="t">Proyectos pedag&#xF3;gicos: "&#xBF;C&#xF3;mo hacer vivir una clase escolar como una obra de arte?"</subfield>
    <subfield code="t">Conclusi&#xF3;n</subfield>
  </datafield>
  <datafield tag="650" ind1=" " ind2=" ">
    <subfield code="2">Arte contempor&#xE1;neo</subfield>
    <subfield code="v">Arte participativo</subfield>
    <subfield code="x">Arte - pr&#xE1;cticas pedag&#xF3;gicas</subfield>
    <subfield code="9">7009</subfield>
  </datafield>
  <datafield tag="999" ind1=" " ind2=" ">
    <subfield code="c">1771</subfield>
    <subfield code="d">1771</subfield>
  </datafield>
  <datafield tag="952" ind1=" " ind2=" ">
    <subfield code="0">0</subfield>
    <subfield code="1">0</subfield>
    <subfield code="2">ddc</subfield>
    <subfield code="4">0</subfield>
    <subfield code="7">0</subfield>
    <subfield code="a">LV</subfield>
    <subfield code="b">LV</subfield>
    <subfield code="c">Pensamiento</subfield>
    <subfield code="d">2019-04-24</subfield>
    <subfield code="l">0</subfield>
    <subfield code="o">702.81 B622i</subfield>
    <subfield code="p">004716</subfield>
    <subfield code="r">2019-04-24 00:00:00</subfield>
    <subfield code="w">2019-04-24</subfield>
    <subfield code="y">01</subfield>
  </datafield>
</record>
